000 01015nam a2200313 4500
001 01477
003 DO-SdBPM
005 20260512090350.0
007 ta
008 161122b2001 sp 00| 0 spa d
020 _a8434509938
040 _aDO-SdBPM
_bspa
_cBPMSU
_erda
082 0 4 _a863.5
_bN322v 2001
_222
100 1 _aNavarro, Eva
_d1967-
_eautor
_4aut.
245 1 3 _aEl viaje de Manuelita /
_c Eva Navarrro ; J. Ma. Cardona
264 _aEspaña :
_bSalvat Editores ,
_c2001,
300 _a26 páginas :
_bilustraciones ;
_c23 cm.
336 _atexto
_btxt
_2rdacontent
337 _asin mediación
_bn
_2rdamedia
338 _avolumen
_bnc
_2rdacarrier
500 _aLibro infantil enfocado en primeros lectores.
590 _aInventariado, 2026/VM
650 _aCuentos infantiles españoles
650 _aLiteratura infantil española
650 7 _aLibros iulustrados para niños
700 1 _aCardona, J. Ma.
_eIlustración
910 _aVMateo V. Control de calidad. BPMSU
942 _2ddc
_cBK
999 _c15842
_d15842